El caudillo de las manos rojas

שמור ב:
מידע ביבליוגרפי
מחבר ראשי: Becquer, Gustavo Adolfo (Author)
פורמט: ספר
שפה:ספרדית
יצא לאור: Santiago Letras 1933
סדרה:Biblioteca Letras, 34
נושאים:
תגים: הוספת תג
אין תגיות, היה/י הראשונ/ה לתייג את הרשומה!

MARC

LEADER 00000nam a2200000 a 4500
001 UCZ4899
003 CL-VaPUC
008 951115e19330000CL |||||||||||||||||spa|d
082 0 4 |a 863  |b BEC  |2 21 
100 0 |a Becquer, Gustavo Adolfo  |e author  |9 317836 
245 1 3 |a El caudillo de las manos rojas 
300 |a 94 p 
942 |c BK 
945 |d 19951115 00:00:00  |a rleighto 
260 |a Santiago  |b Letras  |c 1933 
650 0 |a Leyendas españolas  |9 347160 
583 |a last modification  |c 19951115 00:00:00  |k Rodrigo Vera 
490 0 |a Biblioteca Letras, 34 
999 |c 241242  |d 241240 
952 |0 0  |1 0  |4 0  |6 863_000000000000000_BEC_1933  |7 0  |8 A  |9 253524  |a BIBEDU  |b BIBEDU  |d 2019-11-19  |i 3148092  |o 863 BEC 1933  |p 3148092  |r 2019-11-19  |w 2019-11-19  |y BK  |k LIT